[Event "Oberpfalz-ch M1"]
[Site "Windischeschenbach"]
[Date "2017.04.11"]
[Round "8"]
[White "Disterheft, David"]
[Black "Kouba, Severin"]
[Result "1-0"]
[WhiteElo "2068"]
[BlackElo "1960"]
[PlyCount "71"]
[EventDate "2017.04.08"]
[EventType "swiss"]
[EventRounds "8"]
[EventCountry "GER"]
[SourceTitle "EXT 2020"]
[Source "ChessBase"]
[SourceDate "2019.10.17"]
[SourceVersion "1"]
[SourceVersionDate "2019.10.17"]
[SourceQuality "1"]

1. e4 c5 2. Nf3 d6 3. c4 Nc6 4. d4 cxd4 5. Nxd4 g6 6. Nc3 Bg7 7. Nc2 Nf6 8. Be2 0-0 9. 0-0 Ne8 10. Bg5 f5 11. exf5 gxf5 12. Qd2 Kh8 13. Rad1 Qd7 14. c5 Bf6 15. Bh6 Rg8 16. Bh5 Ne5 17. Qe2 Qc6 18. Ne1 dxc5 19. Nd5 Ng7 20. Nxe7 Bxe7 21. Bxg7+ Kxg7 22. Qxe5+ Qf6 23. Qc7 Be6 24. Nf3 Rac8 25. Qxb7 Rb8 26. Qxa7 Ra8 27. Qc7 Rxa2 28. Rfe1 Ra6 29. h4 Rc8 30. Qf4 Bb3 31. Rd3 c4 32. Rd7 Re6 33. Rxe6 Qxe6 34. Qg5+ Kf8 35. Rxe7 Qxe7 36. Qxf5+ 1-0

[Event "Oberpfalz-ch M2"]
[Site "Schwandorf"]
[Date "2015.03.31"]
[Round "7"]
[White "Gogeissl, Christian"]
[Black "Kouba, Severin"]
[Result "1/2-1/2"]
[WhiteElo "1773"]
[BlackElo "1851"]
[PlyCount "96"]
[EventDate "2015.03.28"]
[EventType "swiss"]
[EventRounds "8"]
[EventCountry "GER"]
[SourceTitle "EXT 2022"]
[Source "ChessBase"]
[SourceDate "2021.10.06"]
[SourceVersion "1"]
[SourceVersionDate "2021.10.06"]
[SourceQuality "1"]

1. Nf3 c5 2. c4 Nf6 3. g3 d5 4. cxd5 Nxd5 5. Bg2 Nc6 6. Nc3 g6 7. Qb3 Nc7 8. 0-0 Bg7 9. d3 0-0 10. Bd2 Rb8 11. Ne4 b6 12. Bc3 e5 13. Rac1 Bg4 14. Qa4 Bd7 15. Qd1 Nb5 16. Bd2 h6 17. Nc3 Nbd4 18. Nxd4 exd4 19. Ne4 Qe7 20. Bf4 Ne5 21. a3 f5 22. Nd2 Be6 23. Nf3 Nxf3+ 24. Bxf3 Rbd8 25. Qa4 g5 26. Bd2 Be5 27. b4 g4 28. Bg2 f4 29. Qc6 Rf6 30. bxc5 f3 31. exf3 Bd5 32. Qb5 gxf3 33. Bh1 Rg6 34. Rfe1 a6 35. Qxa6 Qg7 36. Rxe5 Qxe5 37. Re1 Qf6 38. cxb6 h5 39. Qb5 Qc6 40. Qb4 Qf6 41. b7 Qb6 42. Qxb6 Rxb6 43. Ba5 Rbd6 44. Bxd8 Rxd8 45. Rb1 Rb8 46. a4 Kf7 47. a5 Rxb7 48. Rxb7+ Bxb7 1/2-1/2

[Event "Oberpfalz-ch M2"]
[Site "Schwandorf"]
[Date "2015.03.30"]
[Round "5"]
[White "Horther Schneider, Elsbeth"]
[Black "Kouba, Severin"]
[Result "0-1"]
[WhiteElo "1756"]
[BlackElo "1851"]
[PlyCount "80"]
[EventDate "2015.03.28"]
[EventType "swiss"]
[EventRounds "8"]
[EventCountry "GER"]
[SourceTitle "EXT 2022"]
[Source "ChessBase"]
[SourceDate "2021.10.06"]
[SourceVersion "1"]
[SourceVersionDate "2021.10.06"]
[SourceQuality "1"]

1. e4 c5 2. Nc3 Nc6 3. g3 g6 4. d3 Bg7 5. Bg2 e5 6. Nh3 Nge7 7. 0-0 d6 8. f4 f6 9. f5 Nd4 10. Ne2 Bd7 11. c3 Ndc6 12. fxg6 hxg6 13. Nf2 Qb6 14. Be3 Bh6 15. Bxh6 Rxh6 16. Qd2 Rh8 17. Rab1 0-0-0 18. Qe3 Be6 19. c4 Qc7 20. g4 Qd7 21. Qg3 Rdf8 22. h3 f5 23. exf5 gxf5 24. Bf3 Rfg8 25. Rfd1 Rh7 26. Kf1 Rhg7 27. Ke1 fxg4 28. Bxg4 Nf5 29. Qf3 Nfd4 30. Nxd4 Nxd4 31. Qe4 Bxg4 32. Nxg4 Rf8 33. b4 Qa4 34. Rb2 Nc2+ 35. Ke2 Nxb4 36. Rdb1 Nxa2 37. Kd2 Qa5+ 38. Ke3 Nb4 39. Rb3 Nc2+ 40. Ke2 Nd4+ 0-1

[Event "Oberpfalz-ch M2"]
[Site "Schwandorf"]
[Date "2015.03.28"]
[Round "2"]
[White "Miethaner, Ulrich"]
[Black "Kouba, Severin"]
[Result "1/2-1/2"]
[WhiteElo "1682"]
[BlackElo "1851"]
[PlyCount "86"]
[EventDate "2015.03.28"]
[EventType "swiss"]
[EventRounds "8"]
[EventCountry "GER"]
[SourceTitle "EXT 2022"]
[Source "ChessBase"]
[SourceDate "2021.10.06"]
[SourceVersion "1"]
[SourceVersionDate "2021.10.06"]
[SourceQuality "1"]

1. e4 c5 2. b4 cxb4 3. a3 e6 4. axb4 Bxb4 5. Bb2 Nf6 6. e5 Ng8 7. Qg4 Bf8 8. Bd3 Nc6 9. Nf3 Nge7 10. Na3 Nd5 11. Qg3 Ncb4 12. Be4 f5 13. Bxd5 Nxd5 14. 0-0 b6 15. Nb5 Kf7 16. c4 Nc7 17. Nd6+ Kg8 18. Bd4 Bxd6 19. exd6 Ne8 20. Rfb1 Bb7 21. Ne5 Nf6 22. d3 Qf8 23. c5 Nh5 24. Qg5 Nf6 25. cxb6 Qxd6 26. Nf3 Kf7 27. Be5 Qd5 28. bxa7 h6 29. Qf4 Ng4 30. Bb8 Rc8 31. h3 Nf6 32. Qb4 Raxb8 33. axb8Q Rxb8 34. Qd4 Rc8 35. Ne5+ Kg8 36. Qxd5 Bxd5 37. Ra7 Rd8 38. Nc4 Kf8 39. Ne3 Ke7 40. Nxd5+ Nxd5 41. g3 Nf6 42. Kg2 Rc8 43. Rba1 Rc3 1/2-1/2

[Event "Oberpfalz-ch M1"]
[Site "Sinzing"]
[Date "2014.04.13"]
[Round "3"]
[White "Eichinger, Christoph"]
[Black "Kouba, Severin"]
[Result "1-0"]
[WhiteElo "2012"]
[BlackElo "1953"]
[PlyCount "41"]
[EventDate "2014.04.12"]
[EventType "swiss"]
[EventRounds "8"]
[EventCountry "GER"]
[SourceTitle "EXT 2022"]
[Source "ChessBase"]
[SourceDate "2021.10.06"]
[SourceVersion "1"]
[SourceVersionDate "2021.10.06"]
[SourceQuality "1"]

1. e4 c5 2. Nf3 d6 3. d4 cxd4 4. Nxd4 Nf6 5. Nc3 Nc6 6. h3 e5 7. Nde2 Be7 8. g4 0-0 9. Be3 Be6 10. Bg2 b5 11. Qd2 Rc8 12. 0-0 Nb4 13. a3 d5 14. axb4 d4 15. Nxd4 exd4 16. Qxd4 Bc4 17. Rfd1 Bxb4 18. Nxb5 Be2 19. Qxd8 Rfxd8 20. Rxd8+ Rxd8 21. Nd4 1-0

[Event "Oberpfalz-ch M1"]
[Site "Sinzing"]
[Date "2014.04.12"]
[Round "2"]
[White "Kouba, Severin"]
[Black "Kues, Manuel"]
[Result "1-0"]
[WhiteElo "1953"]
[BlackElo "1993"]
[PlyCount "111"]
[EventDate "2014.04.12"]
[EventType "swiss"]
[EventRounds "8"]
[EventCountry "GER"]
[SourceTitle "EXT 2022"]
[Source "ChessBase"]
[SourceDate "2021.10.06"]
[SourceVersion "1"]
[SourceVersionDate "2021.10.06"]
[SourceQuality "1"]

1. c4 Nf6 2. Nc3 c5 3. Nf3 g6 4. d4 cxd4 5. Nxd4 b6 6. e4 d6 7. Be2 Bb7 8. f3 Bg7 9. 0-0 0-0 10. Be3 Qd7 11. Qd2 Nc6 12. Rfd1 Rac8 13. Rac1 Rfd8 14. Nxc6 Bxc6 15. Bg5 Qb7 16. Nd5 Bxd5 17. exd5 a6 18. Re1 b5 19. b3 bxc4 20. Bxc4 Rc5 21. Rcd1 Kf8 22. Kh1 Re8 23. h4 Nd7 24. Be3 Rcc8 25. Qe2 Ra8 26. Bd4 Bxd4 27. Rxd4 Ne5 28. Re4 Ra7 29. h5 Qd7 30. Qe3 Kg7 31. Rh4 e6 32. hxg6 fxg6 33. dxe6 Qe7 34. Qh6+ Kg8 35. Bd5 Qg7 36. Qe3 Rae7 37. f4 Qf6 38. g3 Ng4 39. Rxg4 Qf5 40. Qf3 Rc8 41. Rh4 Kg7 42. Rh2 Rc5 43. Bc4 d5 44. g4 Qf6 45. Bxd5 Rc3 46. Qe4 Rg3 47. g5 Qf8 48. Qe5+ Kg8 49. Rc1 Qd8 50. Be4 Re3 51. Qd5 Qf8 52. Qd4 Rg3 53. Bxg6 Rxe6 54. Bxh7+ Kf7 55. Rc7+ Ke8 56. Qd7# 1-0

[Event "Nittenau-ch 13th"]
[Site "Nittenau"]
[Date "2013.09.14"]
[Round "3"]
[White "Brunner, Tobias"]
[Black "Kouba, Severin"]
[Result "0-1"]
[WhiteElo "1321"]
[BlackElo "1885"]
[PlyCount "56"]
[EventDate "2013.09.13"]
[EventType "swiss"]
[EventRounds "5"]
[EventCountry "GER"]
[SourceTitle "EXT 2022"]
[Source "ChessBase"]
[SourceDate "2021.10.06"]
[SourceVersion "1"]
[SourceVersionDate "2021.10.06"]
[SourceQuality "1"]

1. e4 c5 2. Nf3 d6 3. Bb5+ Bd7 4. Bxd7+ Qxd7 5. Nc3 Nc6 6. 0-0 g6 7. d3 Bg7 8. Be3 e5 9. h3 Nge7 10. Nh2 0-0 11. f4 exf4 12. Bxf4 Nd4 13. Ng4 f5 14. Nh6+ Kh8 15. exf5 Nexf5 16. Nxf5 Rxf5 17. Ne4 Raf8 18. Qd2 Rxf4 19. Rxf4 Rxf4 20. c3 Ne6 21. Re1 Be5 22. Nf2 Rf5 23. Ng4 Bg3 24. Re2 Qf7 25. Qd1 Kg7 26. d4 cxd4 27. cxd4 d5 28. Ne5 Rf1+ 0-1

[Event "Nittenau-ch 10th"]
[Site "Nittenau"]
[Date "2010.09.18"]
[Round "2"]
[White "Kouba, Severin"]
[Black "Hitzler, Philipp"]
[Result "0-1"]
[WhiteElo "1830"]
[BlackElo "2267"]
[PlyCount "80"]
[EventDate "2010.09.17"]
[EventType "swiss"]
[EventRounds "5"]
[EventCountry "GER"]
[SourceTitle "EXT 2022"]
[Source "ChessBase"]
[SourceDate "2021.10.06"]
[SourceVersion "1"]
[SourceVersionDate "2021.10.06"]
[SourceQuality "1"]

1. d4 d5 2. Nf3 Nf6 3. e3 Bg4 4. c4 c6 5. Nc3 e6 6. Bd3 Nbd7 7. 0-0 Be7 8. e4 dxe4 9. Bxe4 Nxe4 10. Nxe4 0-0 11. h3 Bh5 12. Ng3 Bg6 13. Re1 Qa5 14. Bd2 Qa6 15. Qe2 Rfe8 16. h4 h6 17. Bc3 Rad8 18. b3 b5 19. h5 Bh7 20. Nd2 bxc4 21. Nxc4 Qb5 22. Qd3 Qd5 23. Qe2 Bf6 24. Rad1 Nb6 25. Ba5 Bxd4 26. Bxb6 axb6 27. Nxb6 Qg5 28. Nc4 e5 29. Qf3 Re6 30. Ne3 Rf8 31. Ng4 c5 32. Ne4 Bxe4 33. Qxe4 Qxh5 34. Rd3 Kh8 35. Rf3 f5 36. Qd5 Qe8 37. Ne3 Ref6 38. Nc4 e4 39. Rh3 Qc8 40. Nd2 Rd8 0-1

[Event "Deggendorf op 3rd"]
[Site "Deggendorf"]
[Date "2010.09.05"]
[Round "5"]
[White "Kouba, Severin"]
[Black "Ertl, Helmut"]
[Result "0-1"]
[WhiteElo "1830"]
[BlackElo "1637"]
[PlyCount "82"]
[EventDate "2010.09.03"]
[EventType "swiss"]
[EventRounds "5"]
[EventCountry "GER"]
[SourceTitle "CBM 138 Extra"]
[Source "ChessBase"]
[SourceDate "2010.10.29"]
[SourceVersion "1"]
[SourceVersionDate "2010.10.29"]
[SourceQuality "1"]

1. d4 d5 2. Nf3 Nf6 3. e3 e6 4. Bd3 Nbd7 5. Nbd2 c5 6. c3 cxd4 7. exd4 Bd6 8. 0-0 Qc7 9. Re1 0-0 10. Qe2 a6 11. Ne5 b6 12. f4 b5 13. Qf3 b4 14. c4 dxc4 15. Ndxc4 Bb7 16. Qh3 Bd5 17. Ne3 g6 18. Nxd5 Nxd5 19. Be4 N7f6 20. Bd3 Qb6 21. Be3 Nxe3 22. Qxe3 Bxe5 23. fxe5 Nd5 24. Qf2 Rac8 25. Rac1 a5 26. Rc4 Rxc4 27. Bxc4 Qc6 28. b3 Rd8 29. Qh4 Qc7 30. Kf2 Nc3 31. Ke3 Nxa2 32. Rf1 Nc3 33. Rxf7 Qxf7 34. Qxd8+ Kg7 35. g3 Qf5 36. Qe7+ Kh6 37. Bxe6 Qe4+ 38. Kf2 Nd1+ 39. Kf1 Qh1+ 40. Ke2 Nc3+ 41. Kd3 Qf1+ 0-1

[Event "Oberpfalz-ch M3"]
[Site "Regensburg"]
[Date "2004.04.05"]
[Round "5.5"]
[White "Lang, Winifried"]
[Black "Kouba, Severin"]
[Result "0-1"]
[WhiteElo "1352"]
[BlackElo "1495"]
[PlyCount "67"]
[EventDate "2004.04.03"]
[EventType "swiss"]
[EventRounds "8"]
[EventCountry "GER"]
[SourceTitle "EXT 2022"]
[Source "ChessBase"]
[SourceDate "2021.10.06"]
[SourceVersion "1"]
[SourceVersionDate "2021.10.06"]
[SourceQuality "1"]

1. c4 Nc6 2. Nc3 Nf6 3. g3 g6 4. Bg2 Bg7 5. e4 0-0 6. Nge2 d6 7. 0-0 e5 8. d3 h6 9. h3 Kh7 10. Kh2 Ng8 11. Be3 f5 12. f4 exf4 13. Nxf4 g5 14. Nh5 Bh8 15. exf5 Bxf5 16. g4 Bg6 17. Ng3 Qd7 18. Qd2 Nge7 19. Be4 Bg7 20. Rae1 Rae8 21. Rxf8 Rxf8 22. Bxg6+ Kxg6 23. d4 Kh7 24. Nh5 Ng6 25. Qd3 Rf3 26. a3 Qf7 27. Qd2 Nf4 28. Bxf4 gxf4 29. Nxg7 Qxg7 30. Nd5 Qxd4 31. Re7+ Kg6 32. Qc2+ Rd3 33. Nxf4+ Qxf4+ 34. Kg2 0-1

[Event "Oberpfalz-ch M3"]
[Site "Regensburg"]
[Date "2004.04.03"]
[Round "1.6"]
[White "Maerz, Julian"]
[Black "Kouba, Severin"]
[Result "1/2-1/2"]
[WhiteElo "967"]
[BlackElo "1495"]
[PlyCount "89"]
[EventDate "2004.04.03"]
[EventType "swiss"]
[EventRounds "8"]
[EventCountry "GER"]
[SourceTitle "EXT 2022"]
[Source "ChessBase"]
[SourceDate "2021.10.06"]
[SourceVersion "1"]
[SourceVersionDate "2021.10.06"]
[SourceQuality "1"]

1. f4 d5 2. Nf3 Nf6 3. e3 g6 4. c4 c6 5. Nc3 Bg7 6. Be2 0-0 7. d4 Bf5 8. Bd2 Nbd7 9. c5 Ne4 10. Nxe4 Bxe4 11. 0-0 f6 12. b4 e5 13. Qb3 b6 14. Rae1 bxc5 15. dxc5 Rb8 16. Bc3 Nxc5 17. Qd1 Nd7 18. Nd2 Bf5 19. Bg4 Bxg4 20. Qxg4 f5 21. Qd1 d4 22. exd4 exd4 23. Qb3+ Kh8 24. Bb2 c5 25. a3 Nf6 26. Qc4 Qd5 27. Rc1 cxb4 28. axb4 Rfd8 29. Nb3 d3 30. Rfd1 Qxc4 31. Rxc4 Ne4 32. Bxg7+ Kxg7 33. Nc5 Nxc5 34. bxc5 Kf7 35. Rc3 Ke6 36. Rcxd3 Rxd3 37. Rxd3 Ra8 38. Rd6+ Ke7 39. Ra6 Kd7 40. Kf2 Kc7 41. Ke3 Kb7 42. Rd6 Re8+ 43. Kf2 Re4 44. Kf3 Rc4 45. Kf2 1/2-1/2